00305nam a2200121Ia 4500008004100000041000800041082001600049100002100065245002100086260003400107300003100141365001100172240624s9999 xx 000 0 und d aeng a658.408 GAR aGARFIELD CHARLES aSOUL OF BUSINESS c1997aUnited StatebHay House axii, : 226 : p. : cm. ; 21 cRSb35